00645nam a2200193Ia 4500001002300000003000900023008004100032040002300073041001300096100001200109245005600121250001500177260002800192300001800220490002700238500002700265501012400292520003500416261.2-CON ep va (1448)IT-MiSPE171229s9999||||xx |||||||||||||| ||und|| aIT-MiSPEcIT-MiSPE aITALIANO aAA.VV.  0aVangelo, politica e socialismibDocumento di lavoro a1a ed. (v) aLeumann (TO)bLDCc1973 a64 p. c18 cm aMaestri della fedev43 aSocialismo e cristiani aEdizioni San Paolo srl - Piazza Soncino, 5 - 20092 CINISELLO BALSAMO (MI) (non commercial uses only) ® Copyright 2018 aConferenza Episcopale del Cile